| 000 | 00756nam a22002057a 4500 | ||
|---|---|---|---|
| 999 |
_c26685 _d26685 |
||
| 005 | 20200206143940.0 | ||
| 010 | _aB-327611-617 | ||
| 020 | _c250.00 | ||
| 035 | _aB-327611-617 | ||
| 037 | _bآہلوواليہ بکڈپو | ||
| 082 | _aن | ||
| 100 | _aظفر عديم | ||
| 245 |
_aياسمين / _cظفر غديم |
||
| 246 |
_aYasmin / _bby Zafar Adeem |
||
| 260 |
_aنئ دلّی _bظفر عديم _c2008 ء |
||
| 270 |
_a36/2, Gali Number-35, Zakir Nagar _bNew Delhi _e110025 _k011-26982733,9891462603 |
||
| 300 |
_a288p. _c22cm(Hb) |
||
| 942 |
_2ddc _cUR _hن _mظ ف ر |
||